[Event "Orel2"]
[Site "Orel"]
[Date "1994.??.??"]
[Round "8"]
[White "Anapolsky, Sergey"]
[Black "Itkis, Boris"]
[Result "1-0"]
[WhiteElo "2455"]
[BlackElo "2455"]
[PlyCount "99"]
[EventDate "1994.??.??"]
[EventType "tourn"]
[EventRounds "9"]
[EventCountry "RUS"]
[EventCategory "8"]
[SourceTitle "EXT 1997"]
[Source "ChessBase"]
[SourceDate "1996.11.15"]
[SourceVersion "1"]
[SourceVersionDate "1996.11.15"]
[SourceQuality "1"]

1. d4 Nf6 2. c4 e6 3. Nc3 Bb4 4. Qc2 0-0 5. a3 Bxc3+ 6. Qxc3 b6 7. Bg5 c5 8. dxc5 bxc5 9. e3 a5 10. Bd3 h6 11. Bh4 d6 12. Ne2 Nbd7 13. 0-0 Bb7 14. Rad1 Ra6 15. f3 Ne5 16. Bb1 Ng6 17. Bf2 a4 18. Rd2 Qe7 19. Rfd1 Nh5 20. Bxg6 fxg6 21. e4 e5 22. Bxc5 dxc5 23. Rd7 Qf6 24. Rxb7 Rd6 25. Rd5 Rxd5 26. exd5 Qf5 27. Re7 Rb8 28. Qxe5 Qxe5 29. Rxe5 Rxb2 30. d6 Rd2 31. Rd5 Rxd5 32. cxd5 Kf7 33. Nc3 Ke8 34. Nxa4 Kd7 35. Nxc5+ Kxd6 36. Ne4+ Kxd5 37. g3 g5 38. Kf2 g6 39. a4 Ng7 40. a5 Kc6 41. Nf6 Kb5 42. Ng8 h5 43. Ne7 Kxa5 44. Ke3 Kb4 45. Ke4 Kc3 46. Ke5 Kd3 47. Kf6 Ke3 48. Kxg7 Kxf3 49. Kxg6 h4 50. Nf5 1-0

[Event "Bucharest-A"]
[Site "Bucharest"]
[Date "1994.??.??"]
[Round "?"]
[White "Anapolsky, Sergey"]
[Black "Komarov, Dimitri"]
[Result "1/2-1/2"]
[WhiteElo "2445"]
[BlackElo "2535"]
[PlyCount "20"]
[EventDate "1994.??.??"]
[EventType "tourn"]
[EventRounds "12"]
[EventCountry "ROU"]
[EventCategory "10"]
[SourceTitle "EXT 1997"]
[Source "ChessBase"]
[SourceDate "1996.11.15"]
[SourceVersion "1"]
[SourceVersionDate "1996.11.15"]
[SourceQuality "1"]

1. d4 Nf6 2. c4 e6 3. Nc3 Bb4 4. Qc2 0-0 5. a3 Bxc3+ 6. Qxc3 b6 7. Bg5 h6 8. Bh4 Bb7 9. f3 c5 10. dxc5 bxc5 1/2-1/2

[Event "Bucharest-A"]
[Site "Bucharest"]
[Date "1994.??.??"]
[Round "?"]
[White "Anapolsky, Sergey"]
[Black "Panchenko, Alexander N"]
[Result "1-0"]
[WhiteElo "2445"]
[BlackElo "2480"]
[PlyCount "65"]
[EventDate "1994.??.??"]
[EventType "tourn"]
[EventRounds "12"]
[EventCountry "ROU"]
[EventCategory "10"]
[SourceTitle "EXT 1997"]
[Source "ChessBase"]
[SourceDate "1996.11.15"]
[SourceVersion "1"]
[SourceVersionDate "1996.11.15"]
[SourceQuality "1"]

1. d4 Nf6 2. c4 e6 3. Nf3 b6 4. Nc3 Bb7 5. a3 Ne4 6. Nxe4 Bxe4 7. e3 Be7 8. Bd3 Bxd3 9. Qxd3 d5 10. cxd5 exd5 11. 0-0 a5 12. e4 0-0 13. Bf4 Nd7 14. Rac1 dxe4 15. Qxe4 Nf6 16. Qb7 Bd6 17. Bxd6 cxd6 18. Rc7 Rb8 19. Qc6 h6 20. Rc1 b5 21. h3 Re8 22. b3 a4 23. b4 Re7 24. Rxe7 Qxe7 25. d5 Qa7 26. Re1 Qb7 27. Qxd6 Nxd5 28. Nd4 Rc8 29. Nf5 Kh7 30. Qg3 g6 31. Nd6 Qc7 32. Nxc8 Qxc8 33. Qf3 1-0

[Event "Orel2"]
[Site "Orel"]
[Date "1994.??.??"]
[Round "2"]
[White "Anapolsky, Sergey"]
[Black "Zaitsev, Igor A"]
[Result "1/2-1/2"]
[WhiteElo "2455"]
[BlackElo "2460"]
[PlyCount "61"]
[EventDate "1994.??.??"]
[EventType "tourn"]
[EventRounds "9"]
[EventCountry "RUS"]
[EventCategory "8"]
[SourceTitle "EXT 1997"]
[Source "ChessBase"]
[SourceDate "1996.11.15"]
[SourceVersion "1"]
[SourceVersionDate "1996.11.15"]
[SourceQuality "1"]

1. d4 Nf6 2. c4 d6 3. Nc3 Nbd7 4. Nf3 e5 5. Bg5 exd4 6. Nxd4 h6 7. Bh4 g6 8. e3 Bg7 9. Be2 0-0 10. 0-0 Re8 11. Qc2 Nc5 12. Rfd1 g5 13. Bg3 Nfe4 14. Nxe4 Nxe4 15. Bf3 Nxg3 16. hxg3 c6 17. Rd2 g4 18. Be4 Qg5 19. Rad1 h5 20. Bf5 Bxd4 21. Bxc8 Bxe3 22. Bxb7 Bxd2 23. Bxa8 Re1+ 24. Rxe1 Bxe1 25. Bxc6 Ba5 26. Bd5 Bb6 27. Kf1 Kf8 28. b4 Qe5 29. a4 Qa1+ 30. Ke2 Qe5+ 31. Kf1 1/2-1/2

[Event "Bucharest-A"]
[Site "Bucharest"]
[Date "1994.??.??"]
[Round "?"]
[White "Grigore, George Gabriel"]
[Black "Anapolsky, Sergey"]
[Result "1/2-1/2"]
[WhiteElo "2455"]
[BlackElo "2445"]
[PlyCount "95"]
[EventDate "1994.??.??"]
[EventType "tourn"]
[EventRounds "12"]
[EventCountry "ROU"]
[EventCategory "10"]
[SourceTitle "EXT 1997"]
[Source "ChessBase"]
[SourceDate "1996.11.15"]
[SourceVersion "1"]
[SourceVersionDate "1996.11.15"]
[SourceQuality "1"]

1. d4 Nf6 2. c4 e6 3. Nc3 Bb4 4. g3 c5 5. Nf3 cxd4 6. Nxd4 0-0 7. Bg2 d5 8. Qb3 Bxc3+ 9. Qxc3 e5 10. Nb3 Nc6 11. Bg5 dxc4 12. Qxc4 Be6 13. Qh4 Bxb3 14. axb3 Nd4 15. 0-0 Nxe2+ 16. Kh1 Nd4 17. Bxb7 Rb8 18. Be4 h6 19. Bxf6 Qxf6 20. Qxf6 gxf6 21. Rxa7 Rxb3 22. Rb1 Rd8 23. Rb7 Rxb7 24. Bxb7 Rb8 25. Bd5 Rb5 26. Bc4 Rb4 27. b3 Kg7 28. Kg2 f5 29. h3 Kf6 30. Kf1 e4 31. Ke1 Nf3+ 32. Kd1 Ne5 33. Be2 f4 34. gxf4 Ng6 35. Kc2 Nxf4 36. Bf1 Kg5 37. Ra1 f5 38. Ra5 Rb8 39. Rc5 Ne6 40. Rd5 Kf4 41. Kc3 Rd8 42. Rxd8 Nxd8 43. Be2 e3 44. fxe3+ Kxe3 45. Ba6 f4 46. b4 h5 47. b5 h4 48. b6 1/2-1/2

[Event "ROM-chT"]
[Site "Romania"]
[Date "1994.??.??"]
[Round "?"]
[White "Grigore, Nicolae Petre"]
[Black "Anapolsky, Sergey"]
[Result "0-1"]
[WhiteElo "2185"]
[BlackElo "2445"]
[PlyCount "99"]
[EventDate "1994.??.??"]
[EventType "team"]
[EventRounds "10"]
[EventCountry "ROU"]
[SourceTitle "EXT 1997"]
[Source "ChessBase"]
[SourceDate "1996.11.15"]
[SourceVersion "1"]
[SourceVersionDate "1996.11.15"]
[SourceQuality "1"]

1. e4 e6 2. d4 d5 3. exd5 exd5 4. Nf3 Nc6 5. c3 Bg4 6. Bb5 Bd6 7. h3 Bh5 8. 0-0 Nge7 9. Bd3 Qd7 10. b4 Bg6 11. a4 0-0 12. Na3 Bxd3 13. Qxd3 Ng6 14. Nb5 Be7 15. Na3 Nd8 16. Nc2 c6 17. Re1 Ne6 18. Ne5 Nxe5 19. dxe5 a5 20. f4 f5 21. Bd2 axb4 22. cxb4 c5 23. bxc5 Bxc5+ 24. Kh1 b6 25. Red1 Rxa4 26. Rxa4 Qxa4 27. Qxd5 Kh8 28. Rc1 Nxf4 29. Bxf4 Qxf4 30. Rd1 Qa4 31. Qd3 Qc6 32. Nd4 Qd5 33. Nf3 Qxd3 34. Rxd3 Re8 35. Rd7 g6 36. Rb7 Re7 37. Rb8+ Kg7 38. Kh2 h6 39. h4 Be3 40. Kh3 Kf7 41. Rh8 Re6 42. Rb8 Rc6 43. Rb7+ Ke6 44. Rg7 Kd5 45. Rd7+ Ke4 46. Rd6 Rxd6 47. exd6 b5 48. d7 Bb6 49. h5 gxh5 50. Kh4 0-1

[Event "Orel2"]
[Site "Orel"]
[Date "1994.??.??"]
[Round "9"]
[White "Iskusnyh, Sergei"]
[Black "Anapolsky, Sergey"]
[Result "1/2-1/2"]
[WhiteElo "2450"]
[BlackElo "2455"]
[PlyCount "95"]
[EventDate "1994.??.??"]
[EventType "tourn"]
[EventRounds "9"]
[EventCountry "RUS"]
[EventCategory "8"]
[SourceTitle "EXT 1997"]
[Source "ChessBase"]
[SourceDate "1996.11.15"]
[SourceVersion "1"]
[SourceVersionDate "1996.11.15"]
[SourceQuality "1"]

1. d4 Nf6 2. c4 e6 3. Nc3 Bb4 4. Qc2 0-0 5. a3 Bxc3+ 6. Qxc3 b6 7. Bg5 Bb7 8. f3 h6 9. Bh4 d5 10. e3 Re8 11. Bd3 Nbd7 12. Ne2 c5 13. 0-0 Rc8 14. cxd5 Nxd5 15. Qe1 Qc7 16. Qd2 cxd4 17. exd4 N7f6 18. Rad1 Bc6 19. Nc3 Nxc3 20. bxc3 Nh5 21. Rfe1 Qf4 22. Qxf4 Nxf4 23. Ba6 Rc7 24. c4 g5 25. Bg3 Rd8 26. h4 Kg7 27. hxg5 hxg5 28. d5 exd5 29. cxd5 Rxd5 30. Rxd5 Bxd5 31. Re5 Rc1+ 32. Kh2 Bc4 33. Rxg5+ Ng6 34. Bb7 Kf6 35. Rg4 b5 36. Bc7 Rc3 37. Bd6 a5 38. Rd4 Rd3 39. Rxd3 Bxd3 40. Ba6 Ke6 41. Bc7 a4 42. Kg3 Kd5 43. Ba5 Kd4 44. Bb4 Ne5 45. Bb7 Bc4 46. Bf8 Bd5 47. Bg7 Bxb7 48. Kf4 1/2-1/2

[Event "Bucharest-A"]
[Site "Bucharest"]
[Date "1994.??.??"]
[Round "?"]
[White "Komarov, Dimitri"]
[Black "Anapolsky, Sergey"]
[Result "1/2-1/2"]
[WhiteElo "2535"]
[BlackElo "2445"]
[PlyCount "87"]
[EventDate "1994.??.??"]
[EventType "tourn"]
[EventRounds "12"]
[EventCountry "ROU"]
[EventCategory "10"]
[SourceTitle "EXT 1997"]
[Source "ChessBase"]
[SourceDate "1996.11.15"]
[SourceVersion "1"]
[SourceVersionDate "1996.11.15"]
[SourceQuality "1"]

1. d4 Nf6 2. c4 e6 3. Nf3 b6 4. a3 Bb7 5. Nc3 d5 6. cxd5 Nxd5 7. e3 g6 8. Nxd5 exd5 9. b4 a5 10. b5 Bd6 11. a4 Qe7 12. Be2 0-0 13. Qb3 Bb4+ 14. Bd2 c5 15. bxc6 Nxc6 16. Bxb4 Qxb4+ 17. Qxb4 Nxb4 18. Kd2 Rfc8 19. Rhc1 f6 20. Bb5 Rxc1 21. Rxc1 Rc8 22. Rxc8+ Bxc8 23. Ng1 Kf7 24. Ne2 g5 25. Nc3 Ke6 26. f3 Bb7 27. e4 h6 28. Be2 Bc6 29. Bd1 Kd6 30. Bb3 dxe4 31. fxe4 Na6 32. Nd5 Bxd5 33. Bxd5 Nc7 34. Bc4 h5 35. Kc3 h4 36. g3 hxg3 37. hxg3 Kc6 38. Be2 b5 39. axb5+ Nxb5+ 40. Bxb5+ Kxb5 41. g4 a4 42. Kd3 Kb4 43. Kc2 Kc4 44. d5 1/2-1/2